Účtování a evidence vratných lahví

Výhody a nevýhody vratných sklenených fliaš. Ich evidencia v účtovníctve v Česku. Obdobný prístup platí aj pre ostatné typy vratných obalov, ako sú prepravky, pivné sudy a pod.

Gespeichert in:
Bibliographische Detailangaben
1. Verfasser: Kmoch, Štěpán
Format: Buchkapitel
Sprache:Tschechisch
Schlagworte:
Tags: Tag hinzufügen
Keine Tags, Fügen Sie das erste Tag hinzu!

MARC

LEADER 00000naa a2200000 4500
001 0135355
005 20230925094401.0
041 0 |a cze 
044 |a CZ 
245 1 0 |a Účtování a evidence vratných lahví  |c Štěpán Kmoch 
520 |a Výhody a nevýhody vratných sklenených fliaš. Ich evidencia v účtovníctve v Česku. Obdobný prístup platí aj pre ostatné typy vratných obalov, ako sú prepravky, pivné sudy a pod. 
610 2 0 |a obaly 
610 2 0 |a hospodárstvo obalové 
610 2 0 |a evidencia účtovná 
610 2 0 |a Česko 
100 1 |a Kmoch, Štěpán